Guess The Ratt Song - Statistics

General Stats
  • This quiz has been taken 7 times
  • The average score is 10 of 15
Answer Stats
Hint Answer % Correct
Out on the streets, that's where we'll meet; you make the night, I always cross the line Round and Round
100%
You take the midnight subway train; you're calling all the shots You're In Love
100%
You turn him away, you tell him you're mine; you make him believe you're but one of a kind Back For More
80%
I woke up in the mornin'; I'm still flat on my back; couldn't move a muscle; like I had a heart attack Lovin' You's A Dirty Job
80%
Well, at fifteen you wanted someone to call your own; sweet sixtee, you couldn't see straight; you couldn't let go Slip of the Lip
80%
Well, low dealer with snake eyes; you cross me, you realize you're- you're hot leather, you're cold steel Wanted Man
80%
New kid in town; got fancy clothes; old T-Bird car, baby; and you can tell he knows Way Cool Jr
80%
Slip and slide, take a ride; you want the best of both worlds; caviar, its hard to find, youre not a big city girl Dance
60%
You say you don't want me, you say you don't care; you say that your heart ain't got no room for me there Givin' Yourself Away
60%
Too many problems the world cant solve; too many people, no one wants to be involved Lack of Communication
60%
I dont like feeling, mixed up in the city; showdown, slowdown; youre not fooling me Body Talk
40%
You're a fake, you're a snake; you're a sleazy operator, always on the take; you're a liar, you're a cheat; you're good at startin' fires but you can't take the heat Heads I Win, Tails You Lose
40%
Im knockin' at your door but there's no answer; I hear the m---s and gr---s of your nasty laughter Shame Shame Shame
40%
I keep holdin' on; holdin' on through the night; I keep holdin' on; holdin' on through the night; cause it's so easy to forget What You Give is What You Get
40%
The things you do to get your fix; you'll head for fun, you're on our list; live to love, we'll give you this Dangerous But Worth the Risk
20%
No matching quizzes found
Score Distribution
Percent of People with Each Score
Percentile by Number Answered
Your Score History
You have not taken this quiz